000
00287nam a2200121Ia 4500
008
190802s9999 xx 000 0 und d
020
_a
978-969-35-0549-8
100
_a
Qudrat ul Allah Shuhab
245
0
_a
Maa Jee
260
_a
Lahore
_b
Sang-e-Meal
_c
2008
300
_a
280:p
942
_c
BK
999
_c
2414
_d
2414